[Event "Ljubljana op"]
[Site "Ljubljana"]
[Date "2024.04.29"]
[Round "4"]
[White "Susnik, Matej"]
[Black "Plaskan, Jure"]
[Result "0-1"]
[WhiteElo "2004"]
[BlackElo "2242"]
[PlyCount "62"]
[EventDate "2024.04.27"]
[EventType "swiss"]
[EventRounds "9"]
[EventCountry "SLO"]
[SourceTitle "CBM 220 Extra"]
[Source "ChessBase"]
[SourceDate "2024.07.31"]
[SourceVersion "1"]
[SourceVersionDate "2024.07.31"]
[SourceQuality "1"]

1. e4 c5 2. Nf3 e6 3. d4 cxd4 4. Nxd4 a6 5. Nc3 b5 6. Bd3 Bb7 7. 0-0 Nc6 8. Nb3 Nf6 9. Qe2 Ne5 10. f4 Nxd3 11. cxd3 b4 12. Nd1 a5 13. Be3 Rc8 14. Nf2 a4 15. Nd4 Bc5 16. Nf3 0-0 17. Bxc5 Rxc5 18. d4 Rc7 19. e5 Nd5 20. Qd2 f5 21. Rfc1 Ba6 22. Rxc7 Qxc7 23. Rc1 Qb7 24. Ne1 Qb6 25. Rc5 a3 26. Ned3 Rb8 27. g3 b3 28. axb3 a2 29. Qa5 Bxd3 30. Nxd3 Qxb3 31. Nc1 Qd1+ 0-1

[Event "Ljubljana op"]
[Site "Ljubljana"]
[Date "2024.04.28"]
[Round "3"]
[White "Mencinger, Vojko"]
[Black "Susnik, Matej"]
[Result "1/2-1/2"]
[WhiteElo "2301"]
[BlackElo "2004"]
[PlyCount "97"]
[EventDate "2024.04.27"]
[EventType "swiss"]
[EventRounds "9"]
[EventCountry "SLO"]
[SourceTitle "CBM 220 Extra"]
[Source "ChessBase"]
[SourceDate "2024.07.31"]
[SourceVersion "1"]
[SourceVersionDate "2024.07.31"]
[SourceQuality "1"]

1. e4 c5 2. Nc3 e6 3. f4 a6 4. g3 d5 5. Bg2 dxe4 6. Nxe4 Nd7 7. Qe2 Ngf6 8. f5 Nxe4 9. Bxe4 Nf6 10. Bg2 Bd6 11. fxe6 0-0 12. e7 Bxe7 13. Nf3 Bf5 14. d3 c4 15. 0-0 cxd3 16. Qe5 Bg6 17. cxd3 Ng4 18. Qf4 Qb6+ 19. d4 h5 20. h3 Bd6 21. Qg5 Nf6 22. Nh4 Qxd4+ 23. Be3 Qe5 24. Qxe5 Bxe5 25. Nxg6 fxg6 26. Bxb7 Rab8 27. Bxa6 Rxb2 28. Rab1 Rfb8 29. Bc4+ Kh7 30. Rxb2 Rxb2 31. a4 Rc2 32. Rc1 Rxc1+ 33. Bxc1 Bxg3 34. a5 Bc7 35. a6 Bb6+ 36. Kg2 Nd7 37. Bf4 Ba7 38. h4 Nb8 39. Kf3 Nxa6 40. Bxa6 Kg8 41. Ke4 Bc5 42. Bg5 Kh7 43. Kd5 Bf2 44. Bd3 Be1 45. Ke6 Bc3 46. Kf7 Kh8 47. Bxg6 Bd4 48. Bxh5 Bc3 49. Bg6 1/2-1/2

[Event "Ljubljana-chT 75th"]
[Site "Ljubljana"]
[Date "2023.01.26"]
[Round "3.2"]
[White "Markosek, Maj"]
[Black "Susnik, Matej"]
[Result "1/2-1/2"]
[WhiteElo "1934"]
[BlackElo "2048"]
[PlyCount "86"]
[EventDate "2023.01.12"]
[EventType "team-swiss"]
[EventRounds "9"]
[EventCountry "SLO"]
[SourceTitle "EXT 2024"]
[Source "ChessBase"]
[SourceDate "2023.10.10"]
[SourceVersion "1"]
[SourceVersionDate "2023.10.10"]
[SourceQuality "1"]
[WhiteTeam "Domzale SD"]
[BlackTeam "Kranj Tomo Zupan"]
[WhiteTeamCountry "SLO"]
[BlackTeamCountry "SLO"]

1. d4 e6 2. c4 c5 3. d5 exd5 4. cxd5 d6 5. Nc3 g6 6. e4 Bg7 7. f3 a6 8. a4 Qh4+ 9. g3 Qe7 10. Be3 Nf6 11. Nh3 0-0 12. Nf2 Nbd7 13. Be2 Rb8 14. 0-0 Ne8 15. Qd2 f5 16. exf5 Rxf5 17. f4 Rf8 18. Rae1 Qd8 19. Nce4 Ndf6 20. Ng5 Nc7 21. Rd1 Re8 22. Rfe1 b5 23. axb5 axb5 24. Bf3 Bb7 25. Ng4 Nfxd5 26. Bf2 Qd7 27. Rxe8+ Rxe8 28. b4 h6 29. Ne4 h5 30. Ngf6+ Nxf6 31. Nxf6+ Bxf6 32. Bxb7 cxb4 33. Qc2 Qf7 34. Bb6 Rb8 35. Qc6 Ne8 36. Bc8 b3 37. f5 gxf5 38. Bxf5 Qb7 39. Qxb7 Rxb7 40. Bd4 Bxd4+ 41. Rxd4 Rc7 42. Rb4 Ng7 43. Be4 Rc5 1/2-1/2

[Event "Bled Planinc Memorial 1st"]
[Site "Bled"]
[Date "2018.11.24"]
[Round "7"]
[White "Findlay, Ian T"]
[Black "Susnik, Matej"]
[Result "1-0"]
[WhiteElo "2255"]
[BlackElo "2030"]
[PlyCount "53"]
[EventDate "2018.11.24"]
[EventType "swiss (blitz)"]
[EventRounds "9"]
[EventCountry "SLO"]
[SourceTitle "CBM 187 Extra"]
[Source "ChessBase"]
[SourceDate "2018.11.04"]
[SourceVersion "1"]
[SourceVersionDate "2018.11.04"]
[SourceQuality "1"]

1. e4 c5 2. Nf3 e6 3. d4 cxd4 4. Nxd4 a6 5. Nc3 Qc7 6. Be2 Nf6 7. 0-0 b5 8. Bf3 b4 9. e5 Ra7 10. Ncb5 axb5 11. exf6 gxf6 12. Nxb5 Qb6 13. Nxa7 Qxa7 14. Be3 Qc7 15. Qd4 Be7 16. Qg4 Ba6 17. Qg7 Rf8 18. Rfc1 Qe5 19. c3 Bd6 20. g3 Qf5 21. Qg4 Qxg4 22. Bxg4 f5 23. Bf3 Be5 24. Bd4 Bxd4 25. cxd4 Ke7 26. Rc7 Kd6 27. Rac1 1-0

[Event "Bled Planinc Memorial 1st"]
[Site "Bled"]
[Date "2018.11.24"]
[Round "6"]
[White "Susnik, Matej"]
[Black "Rozic, Adrijan"]
[Result "1/2-1/2"]
[WhiteElo "2030"]
[BlackElo "2038"]
[PlyCount "35"]
[EventDate "2018.11.24"]
[EventType "swiss (blitz)"]
[EventRounds "9"]
[EventCountry "SLO"]
[SourceTitle "CBM 187 Extra"]
[Source "ChessBase"]
[SourceDate "2018.11.04"]
[SourceVersion "1"]
[SourceVersionDate "2018.11.04"]
[SourceQuality "1"]

1. e4 e6 2. d4 d5 3. exd5 exd5 4. c4 Nf6 5. Nc3 dxc4 6. Bxc4 Be7 7. Nge2 0-0 8. 0-0 Nbd7 9. Bb3 Nb6 10. a3 c6 11. Bc2 Bg4 12. Qd3 Bh5 13. Bg5 Bg6 14. Qd1 Bxc2 15. Qxc2 Nfd5 16. Bxe7 Qxe7 17. Rfe1 Nxc3 18. Nxc3 1/2-1/2

[Event "SLO-CupT"]
[Site "Komenda"]
[Date "2018.06.03"]
[Round "5.3"]
[White "Susnik, Matej"]
[Black "Zupancic, Urban"]
[Result "1/2-1/2"]
[WhiteElo "2055"]
[BlackElo "1984"]
[PlyCount "76"]
[EventDate "2018.06.01"]
[EventType "team-swiss"]
[EventRounds "5"]
[EventCountry "SLO"]
[SourceTitle "EXT 2020"]
[Source "ChessBase"]
[SourceDate "2019.10.17"]
[SourceVersion "1"]
[SourceVersionDate "2019.10.17"]
[SourceQuality "1"]
[WhiteTeam "Prevodi Dvojka"]
[BlackTeam "Novo Mesto Krka"]
[WhiteTeamCountry "SLO"]
[BlackTeamCountry "SLO"]

1. e4 c5 2. Nf3 d6 3. d4 cxd4 4. Nxd4 Nf6 5. Nc3 a6 6. f4 Qc7 7. Bd3 e6 8. 0-0 Be7 9. Kh1 0-0 10. Qf3 Nc6 11. Be3 Bd7 12. Qg3 b5 13. a3 Rac8 14. Rae1 Kh8 15. Bg1 g6 16. Nxc6 Bxc6 17. Bd4 Kg8 18. f5 e5 19. Be3 Kh8 20. Bg5 Nh5 21. Qh4 Bxg5 22. Qxg5 f6 23. Qh4 Qf7 24. fxg6 Qxg6 25. Be2 Nf4 26. Bf3 f5 27. g3 Ne6 28. exf5 Bxf3+ 29. Rxf3 Rxf5 30. Ref1 Rcf8 31. Rxf5 Rxf5 32. Rxf5 Qxf5 33. Kg1 Ng5 34. Qh6 Nf3+ 35. Kf2 Nd4+ 36. Kg1 Nf3+ 37. Kf2 Nd4+ 38. Kg1 Nf3+ 1/2-1/2

[Event "SLO-CupT"]
[Site "Komenda"]
[Date "2018.06.01"]
[Round "1.4"]
[White "Kern, Adam"]
[Black "Susnik, Matej"]
[Result "0-1"]
[WhiteElo "1612"]
[BlackElo "2055"]
[PlyCount "44"]
[EventDate "2018.06.01"]
[EventType "team-swiss"]
[EventRounds "5"]
[EventCountry "SLO"]
[SourceTitle "EXT 2020"]
[Source "ChessBase"]
[SourceDate "2019.10.17"]
[SourceVersion "1"]
[SourceVersionDate "2019.10.17"]
[SourceQuality "1"]
[WhiteTeam "Prevodi Dvojka II"]
[BlackTeam "Prevodi Dvojka"]
[WhiteTeamCountry "SLO"]
[BlackTeamCountry "SLO"]

1. e4 c5 2. Nf3 e6 3. Nc3 d6 4. Bc4 b5 5. Be2 Bb7 6. d3 Qc7 7. Be3 Nf6 8. Qd2 Nc6 9. 0-0 Be7 10. a3 0-0 11. Rfb1 d5 12. Bf4 Bd6 13. Bxd6 Qxd6 14. exd5 exd5 15. d4 Ne4 16. Nxe4 dxe4 17. dxc5 Qxc5 18. b4 Qb6 19. Ng5 Nd4 20. Re1 Rad8 21. Qe3 Qg6 22. Kh1 Nxc2 0-1

[Event "SLO-ch 28th"]
[Site "Ljubljana"]
[Date "2018.04.30"]
[Round "5"]
[White "Urbanc, Suzana"]
[Black "Susnik, Matej"]
[Result "0-1"]
[WhiteElo "1639"]
[BlackElo "2055"]
[PlyCount "62"]
[EventDate "2018.04.27"]
[EventType "swiss"]
[EventRounds "9"]
[EventCountry "SLO"]
[SourceTitle "CBM 184 Extra"]
[Source "ChessBase"]
[SourceDate "2018.06.28"]
[SourceVersion "1"]
[SourceVersionDate "2018.06.28"]
[SourceQuality "1"]

1. c4 e6 2. e4 c5 3. Nc3 Nc6 4. g3 g6 5. Bg2 Bg7 6. Nge2 Nge7 7. 0-0 0-0 8. h3 d6 9. f4 f5 10. d3 a6 11. Rb1 Qc7 12. Kh2 Rb8 13. Be3 Nd4 14. Qd2 Bd7 15. Bf2 Bc6 16. Nxd4 cxd4 17. Ne2 e5 18. Rfc1 b6 19. b4 fxe4 20. dxe4 Qb7 21. b5 axb5 22. cxb5 Bxe4 23. Bxe4 Qxe4 24. Rb4 Rbc8 25. Rbc4 Qf3 26. Bg1 d3 27. Rxc8 Nxc8 28. Nc3 exf4 29. gxf4 Bh6 30. Be3 Re8 31. Qxd3 Bxf4+ 0-1

[Event "SLO-chT1 West"]
[Site "Ljubljana"]
[Date "2014.10.11"]
[Round "5"]
[White "Susnik, Matej"]
[Black "Engelman, Tomaz"]
[Result "1-0"]
[WhiteElo "2048"]
[BlackElo "1865"]
[PlyCount "121"]
[EventDate "2014.10.03"]
[EventType "team-tourn"]
[EventRounds "9"]
[EventCountry "SLO"]
[SourceTitle "EXT 2019"]
[Source "ChessBase"]
[SourceDate "2018.10.10"]
[SourceVersion "1"]
[SourceVersionDate "2018.10.10"]
[SourceQuality "1"]
[WhiteTeam "Tomo Zupan Vzajemna"]
[BlackTeam "Stari Mayr Kranj"]
[WhiteTeamCountry "SLO"]
[BlackTeamCountry "SLO"]

1. e4 c5 2. Nf3 d6 3. d4 cxd4 4. Nxd4 Nf6 5. Nc3 a6 6. f4 e6 7. Be3 Be7 8. Qf3 Qc7 9. 0-0-0 Nc6 10. g4 Nxd4 11. Rxd4 e5 12. fxe5 dxe5 13. Qg3 Nxg4 14. Nd5 Qc5 15. Rc4 Qa5 16. Nc7+ Kf8 17. Nxa8 Be6 18. Kb1 b5 19. Bh3 Bxc4 20. b3 Nxe3 21. Qxe3 Qd8 22. Nb6 Be6 23. Nd7+ Bxd7 24. Rd1 g6 25. Rxd7 Qe8 26. Qh6+ Kg8 27. Rc7 Bf8 28. Qe3 Kg7 29. Qa7 Bd6 30. Rd7 Bb8 31. Qxa6 b4 32. Qc4 Rf8 33. Qxb4 Kg8 34. Qc4 Kh8 35. Qd5 Qc8 36. Rxf7 Qe8 37. Be6 Rxf7 38. Bxf7 Qf8 39. Qd7 Bd6 40. Qe8 Kg7 41. Qxf8+ Kxf8 42. Bd5 g5 43. Be6 h5 44. h3 Ke7 45. Bc4 g4 46. hxg4 h4 47. Bf1 Kf6 48. g5+ Kxg5 49. Bh3 Kf4 50. Bf5 Ke3 51. Kb2 Kd4 52. c3+ Kd3 53. a4 Bc5 54. b4 Be3 55. Kb3 Ba7 56. a5 Bb8 57. c4 Kd4 58. c5 Bc7 59. a6 Bb8 60. c6 h3 61. Bxh3 1-0

[Event "SLO-chT1 West"]
[Site "Ljubljana"]
[Date "2013.10.27"]
[Round "9"]
[White "Susnik, Matej"]
[Black "Ogradi, Gregor"]
[Result "0-1"]
[WhiteElo "2098"]
[BlackElo "2030"]
[PlyCount "100"]
[EventDate "2013.09.27"]
[EventType "team-tourn"]
[EventRounds "9"]
[EventCountry "SLO"]
[SourceTitle "EXT 2019"]
[Source "ChessBase"]
[SourceDate "2018.10.10"]
[SourceVersion "1"]
[SourceVersionDate "2018.10.10"]
[SourceQuality "1"]
[WhiteTeam "Kranj Tomo Zupan"]
[BlackTeam "Komenda"]
[WhiteTeamCountry "SLO"]
[BlackTeamCountry "SLO"]

1. e4 e5 2. f4 exf4 3. Nf3 g5 4. h4 g4 5. Ne5 Nf6 6. Bc4 d5 7. exd5 Bd6 8. d4 Nh5 9. 0-0 0-0 10. Nxg4 Qxh4 11. Nh2 Ng3 12. Re1 Bf5 13. Nd2 Nd7 14. Ndf3 Qh5 15. Bd3 Bxd3 16. Qxd3 Qxd5 17. c4 Qh5 18. Bd2 Rad8 19. b4 c6 20. a3 Nf6 21. Bc3 Qg6 22. Rad1 Rfe8 23. Rxe8+ Rxe8 24. Ne5 Qxd3 25. Rxd3 Ne2+ 26. Kf1 Nxc3 27. Rxc3 Bxe5 28. dxe5 Rxe5 29. Nf3 Re4 30. Nd2 Re3 31. Rxe3 fxe3 32. Nf3 Ng4 33. Nd4 Kg7 34. Nf5+ Kf6 35. Nd6 Ne5 36. c5 b6 37. cxb6 axb6 38. a4 Ke6 39. Ne4 Kd5 40. Nf6+ Kd4 41. Ke2 Nd3 42. a5 bxa5 43. bxa5 Nf4+ 44. Kf3 e2 45. Kf2 Kd3 46. a6 Nxg2 47. a7 e1Q+ 48. Kxg2 Qa1 49. Nd7 Qxa7 50. Ne5+ Ke4 0-1

[Event "SLO-chT1 West"]
[Site "Ljubljana"]
[Date "2013.10.19"]
[Round "5"]
[White "Susnik, Matej"]
[Black "Kerma, Simon"]
[Result "1/2-1/2"]
[WhiteElo "2098"]
[BlackElo "2107"]
[PlyCount "33"]
[EventDate "2013.09.27"]
[EventType "team-tourn"]
[EventRounds "9"]
[EventCountry "SLO"]
[SourceTitle "EXT 2019"]
[Source "ChessBase"]
[SourceDate "2018.10.10"]
[SourceVersion "1"]
[SourceVersionDate "2018.10.10"]
[SourceQuality "1"]
[WhiteTeam "Kranj Tomo Zupan"]
[BlackTeam "Val Koper"]
[WhiteTeamCountry "SLO"]
[BlackTeamCountry "SLO"]

1. e4 c5 2. Nf3 Nc6 3. d4 cxd4 4. Nxd4 Nf6 5. Nc3 g6 6. Bc4 Qa5 7. Nb3 Qb4 8. Bd3 d5 9. exd5 Nxd5 10. Bd2 Qd6 11. Qf3 Be6 12. Be4 0-0-0 13. Nxd5 Bxd5 14. Bxd5 Qxd5 15. Qxd5 Rxd5 16. Bc3 e5 17. Rd1 1/2-1/2

[Event "SLO-chT1 West"]
[Site "Ljubljana"]
[Date "2013.09.28"]
[Round "2"]
[White "Susnik, Matej"]
[Black "Marinc, Damir"]
[Result "1/2-1/2"]
[WhiteElo "2098"]
[BlackElo "2060"]
[PlyCount "40"]
[EventDate "2013.09.27"]
[EventType "team-tourn"]
[EventRounds "9"]
[EventCountry "SLO"]
[SourceTitle "EXT 2019"]
[Source "ChessBase"]
[SourceDate "2018.10.10"]
[SourceVersion "1"]
[SourceVersionDate "2018.10.10"]
[SourceQuality "1"]
[WhiteTeam "Kranj Tomo Zupan"]
[BlackTeam "Kocevje"]
[WhiteTeamCountry "SLO"]
[BlackTeamCountry "SLO"]

1. e4 d5 2. exd5 Qxd5 3. Nc3 Qd6 4. d4 Nf6 5. Nf3 a6 6. Be3 Bg4 7. Be2 Nc6 8. Qd2 0-0-0 9. Ng5 Be6 10. 0-0-0 Nb4 11. a3 Nbd5 12. Nxe6 Qxe6 13. Nxd5 Nxd5 14. c4 Nxe3 15. fxe3 g6 16. d5 Qe5 17. Qd4 Bg7 18. Qxe5 Bxe5 19. e4 h5 20. h3 a5 1/2-1/2

[Event "SLO-CupT"]
[Site "Ljubljana"]
[Date "2013.09.20"]
[Round "1.1"]
[White "Justin, Matjaz"]
[Black "Susnik, Matej"]
[Result "0-1"]
[WhiteElo "2318"]
[BlackElo "2098"]
[PlyCount "104"]
[EventDate "2013.09.20"]
[EventType "team-swiss"]
[EventRounds "5"]
[EventCountry "SLO"]
[SourceTitle "EXT 2019"]
[Source "ChessBase"]
[SourceDate "2018.10.10"]
[SourceVersion "1"]
[SourceVersionDate "2018.10.10"]
[SourceQuality "1"]
[WhiteTeam "Vrhnika"]
[BlackTeam "Tomo Zupan Vzajemna"]
[WhiteTeamCountry "SLO"]
[BlackTeamCountry "SLO"]

1. e4 c5 2. Nf3 e6 3. d4 cxd4 4. Nxd4 a6 5. Bd3 Qc7 6. 0-0 Nf6 7. b3 Be7 8. Bb2 d6 9. c4 0-0 10. Nd2 b6 11. Rc1 Bb7 12. Qe2 Nbd7 13. Bb1 Rac8 14. Rc3 Qb8 15. Rh3 g6 16. f4 e5 17. fxe5 Nxe5 18. N2f3 Rcd8 19. Nxe5 dxe5 20. Nf5 gxf5 21. Rxf5 Qd6 22. Rg3+ Kh8 23. Bxe5 Qd1+ 24. Qf1 Bc5+ 25. Kh1 Qxf1+ 26. Rxf1 Bd4 27. Bxd4 Rxd4 28. e5 Ne4 29. Rd3 Rxd3 30. Bxd3 Rd8 31. Bxe4 Bxe4 32. Kg1 Kg7 33. Rf6 Rd2 34. Rxb6 Rxg2+ 35. Kf1 Rxa2 36. h4 h5 37. c5 a5 38. b4 a4 39. c6 Rc2 40. b5 a3 41. Ra6 a2 42. c7 Rxc7 43. Rxa2 Bd3+ 44. Kf2 Rc2+ 45. Rxc2 Bxc2 46. Ke3 Ba4 47. b6 Bc6 48. Kd4 Kg6 49. Kc5 Bf3 50. Kd6 Kf5 51. Ke7 Kxe5 52. Kxf7 Kf5 0-1

[Event "SLO-chT1 West"]
[Site "Ljubljana"]
[Date "2012.10.13"]
[Round "8.5"]
[White "Susnik, Matej"]
[Black "Semrl, Marjan"]
[Result "1/2-1/2"]
[WhiteElo "2100"]
[BlackElo "2097"]
[PlyCount "28"]
[EventDate "2012.09.21"]
[EventType "team-tourn"]
[EventRounds "9"]
[EventCountry "SLO"]
[SourceTitle "EXT 2022"]
[Source "ChessBase"]
[SourceDate "2021.10.06"]
[SourceVersion "1"]
[SourceVersionDate "2021.10.06"]
[SourceQuality "1"]
[WhiteTeam "Kranj Tomo Zupan"]
[BlackTeam "Domzale SD"]
[WhiteTeamCountry "SLO"]
[BlackTeamCountry "SLO"]

1. e4 e5 2. f4 exf4 3. Nf3 Ne7 4. d4 d5 5. Nc3 dxe4 6. Nxe4 Nd5 7. Bd3 Be7 8. 0-0 0-0 9. c4 Ne3 10. Bxe3 fxe3 11. Qe2 f5 12. Nc3 Nc6 13. Qxe3 Nb4 14. Bb1 Re8 1/2-1/2

[Event "SLO-chT1 West"]
[Site "Ljubljana"]
[Date "2012.09.23"]
[Round "3.3"]
[White "Susnik, Matej"]
[Black "Truta, Srecko"]
[Result "1/2-1/2"]
[WhiteElo "2100"]
[BlackElo "2190"]
[PlyCount "41"]
[EventDate "2012.09.21"]
[EventType "team-tourn"]
[EventRounds "9"]
[EventCountry "SLO"]
[SourceTitle "EXT 2022"]
[Source "ChessBase"]
[SourceDate "2021.10.06"]
[SourceVersion "1"]
[SourceVersionDate "2021.10.06"]
[SourceQuality "1"]
[WhiteTeam "Kranj Tomo Zupan"]
[BlackTeam "Gorenjka Lesce"]
[WhiteTeamCountry "SLO"]
[BlackTeamCountry "SLO"]

1. e4 d6 2. Nc3 c5 3. f4 a6 4. Nf3 Nf6 5. d4 cxd4 6. Nxd4 b5 7. a3 Bb7 8. Bd3 Nc6 9. Nf3 g6 10. 0-0 Bg7 11. Qe1 Nd7 12. Kh1 Nc5 13. Nd5 e6 14. Ne3 Ne7 15. f5 Bxe4 16. fxe6 fxe6 17. Bxe4 Nxe4 18. Ng4 d5 19. Ng5 Qd7 20. Nxe4 dxe4 21. Qxe4 1/2-1/2

[Event "SLO-CupT"]
[Site "Slovenia"]
[Date "2010.12.12"]
[Round "5.1"]
[White "Hribar, Bojan"]
[Black "Susnik, Matej"]
[Result "1/2-1/2"]
[WhiteElo "2202"]
[BlackElo "2127"]
[PlyCount "50"]
[EventDate "2010.05.09"]
[EventType "team-swiss"]
[EventRounds "5"]
[EventCountry "SLO"]
[SourceTitle "EXT 2024"]
[Source "ChessBase"]
[SourceDate "2023.10.10"]
[SourceVersion "1"]
[SourceVersionDate "2023.10.10"]
[SourceQuality "1"]
[WhiteTeam "Komenda"]
[BlackTeam "Tomo Zupan Kranj"]
[WhiteTeamCountry "SLO"]
[BlackTeamCountry "SLO"]

1. e4 c5 2. Nf3 e6 3. Nc3 a6 4. d4 cxd4 5. Nxd4 Qc7 6. Be2 Nf6 7. 0-0 d6 8. a4 Nc6 9. Be3 Be7 10. Kh1 0-0 11. f4 Re8 12. a5 Nxa5 13. e5 dxe5 14. fxe5 Nd5 15. Nxd5 exd5 16. Bh5 g6 17. Qf3 Rf8 18. Bh6 Nc6 19. Nxc6 bxc6 20. Ra4 Be6 21. Bg4 Bxg4 22. Rxg4 Qxe5 23. Rf4 Bg5 24. Bxg5 Qxg5 25. Rxf7 Qd8 1/2-1/2

[Event "SLO-chT 20th"]
[Site "Gostovanja"]
[Date "2010.11.05"]
[Round "7"]
[White "Cigan, Stefan"]
[Black "Susnik, Matej"]
[Result "1-0"]
[WhiteElo "2337"]
[BlackElo "2127"]
[PlyCount "159"]
[EventDate "2010.05.15"]
[EventType "team-tourn"]
[EventRounds "9"]
[EventCountry "SLO"]
[SourceTitle "EXT 2020"]
[Source "ChessBase"]
[SourceDate "2019.10.17"]
[SourceVersion "1"]
[SourceVersionDate "2019.10.17"]
[SourceQuality "1"]
[WhiteTeam "Radenska Pomgrad"]
[BlackTeam "Kranj Tomo Zupan"]
[WhiteTeamCountry "SLO"]
[BlackTeamCountry "SLO"]

1. e4 c5 2. d4 cxd4 3. c3 dxc3 4. Nxc3 Nc6 5. Nf3 d6 6. Bc4 e6 7. 0-0 Nf6 8. Qe2 a6 9. Rd1 Qc7 10. Bf4 Be7 11. Rac1 0-0 12. h3 e5 13. Be3 Qb8 14. Bb6 Bd7 15. a3 h6 16. b4 Rc8 17. Qa2 Be8 18. Rd3 Nd7 19. Nd5 Bf8 20. Rdc3 Nxb6 21. Nxb6 Qa7 22. Nxa8 Rxa8 23. Bd5 Be7 24. g3 Qb6 25. Qb3 Bf6 26. Kg2 Ne7 27. Nd2 Bg5 28. Nc4 Qd8 29. Rd1 Nxd5 30. Rxd5 Be7 31. Nxe5 Qb8 32. Ng4 Bc6 33. Ne3 Bxd5 34. Nxd5 Bd8 35. Rf3 b5 36. Ne7+ Bxe7 37. Qxf7+ Kh7 38. Qxe7 Ra7 39. Qe6 Qd8 40. Rd3 Re7 41. Qxd6 Qxd6 42. Rxd6 Rxe4 43. Rxa6 Rc4 44. h4 Rc3 45. h5 Rb3 46. g4 Rc3 47. Ra5 Rb3 48. f3 Rc3 49. Kf2 Rb3 50. Rxb5 Rxa3 51. Rf5 Rb3 52. b5 g6 53. Rf7+ Kg8 54. hxg6 Rxb5 55. Rh7 Rb6 56. Rxh6 Kg7 57. g5 Rb5 58. f4 Ra5 59. Kg3 Ra3+ 60. Kg4 Ra4 61. Rh7+ Kxg6 62. Re7 Rb4 63. Re6+ Kg7 64. Kf5 Rb5+ 65. Re5 Rb7 66. Rd5 Rf7+ 67. Kg4 Ra7 68. f5 Rb7 69. Kh5 Ra7 70. f6+ Kf7 71. Re5 Ra1 72. Re7+ Kf8 73. Kg6 Ra6 74. Rf7+ Kg8 75. Rc7 Ra8 76. Rg7+ Kh8 77. Rh7+ Kg8 78. f7+ Kf8 79. Rh8+ Ke7 80. Rxa8 1-0

[Event "SLO-CupT"]
[Site "Slovenia"]
[Date "2010.05.09"]
[Round "1"]
[White "Lazar, Ales Ml"]
[Black "Susnik, Matej"]
[Result "1/2-1/2"]
[WhiteElo "2294"]
[BlackElo "2127"]
[PlyCount "120"]
[EventDate "2010.05.09"]
[EventType "team-swiss"]
[EventRounds "5"]
[EventCountry "SLO"]
[SourceTitle "EXT 2024"]
[Source "ChessBase"]
[SourceDate "2023.10.10"]
[SourceVersion "1"]
[SourceVersionDate "2023.10.10"]
[SourceQuality "1"]
[WhiteTeam "Radenska Pomgrad"]
[BlackTeam "Tomo Zupan Kranj"]
[WhiteTeamCountry "SLO"]
[BlackTeamCountry "SLO"]

1. e4 c5 2. c3 Nf6 3. e5 Nd5 4. Bc4 Nb6 5. Bb3 e6 6. d4 cxd4 7. cxd4 d6 8. Qe2 dxe5 9. dxe5 Bd7 10. Nf3 a6 11. Nc3 Bb4 12. 0-0 Qc7 13. Qe3 Bc6 14. Ne4 N8d7 15. Qf4 Bxe4 16. Qxe4 Be7 17. Be3 0-0 18. Rac1 Qb8 19. Bc2 g6 20. h4 Rc8 21. Bb3 Nc5 22. Bxc5 Rxc5 23. h5 Qc7 24. Rxc5 Bxc5 25. hxg6 hxg6 26. Rd1 Rd8 27. Rxd8+ Qxd8 28. Qxb7 Qc8 29. Qe4 Be7 30. Qf4 Qd8 31. g3 Nd7 32. Qd4 Nc5 33. Qxd8+ Bxd8 34. Bc4 a5 35. Nd2 Bb6 36. Kg2 Nd7 37. f4 Kg7 38. Kf3 g5 39. Ne4 gxf4 40. gxf4 Bd4 41. b3 Nc5 42. Nd6 Kf8 43. a3 Ke7 44. b4 axb4 45. axb4 Nd7 46. Ke4 Bg1 47. Bb5 Nb6 48. Bc6 f6 49. Nb7 fxe5 50. fxe5 Bf2 51. Nc5 Be1 52. Nd3 Bc3 53. Ke3 Nc4+ 54. Ke4 Nxe5 55. Nxe5 Bxb4 56. Ba4 Kd6 57. Bb3 Bc3 58. Nc4+ Ke7 59. Ne3 Kf6 60. Bd1 Ba5 1/2-1/2

[Event "SLO-chT1a West"]
[Site "Ljubljana"]
[Date "2009.10.18"]
[Round "9.4"]
[White "Zupancic, Jernej"]
[Black "Susnik, Matej"]
[Result "1-0"]
[WhiteElo "2037"]
[BlackElo "2139"]
[PlyCount "61"]
[EventDate "2009.10.09"]
[EventType "team-tourn"]
[EventRounds "9"]
[EventCountry "SLO"]
[SourceTitle "EXT 2012"]
[Source "ChessBase"]
[SourceDate "2011.11.24"]
[SourceVersion "1"]
[SourceVersionDate "2011.11.24"]
[SourceQuality "1"]
[WhiteTeam "Novo Mesto Krka"]
[BlackTeam "Kranj Tomo Zupan"]
[WhiteTeamCountry "SLO"]
[BlackTeamCountry "SLO"]

1. e4 c5 2. Nf3 d6 3. d4 cxd4 4. Nxd4 Nf6 5. Nc3 g6 6. Be3 Bg7 7. f3 Nc6 8. Qd2 0-0 9. Bc4 Bd7 10. 0-0-0 Rc8 11. Bb3 Ne5 12. g4 Nc4 13. Bxc4 Rxc4 14. h4 Qa5 15. Nb3 Qa6 16. Bh6 Bxh6 17. Qxh6 Rxc3 18. bxc3 Qxa2 19. h5 Rc8 20. hxg6 fxg6 21. Kd2 Be6 22. Rb1 Bxb3 23. Rxb3 Qa5 24. g5 Nh5 25. Rxh5 gxh5 26. Qe6+ Kg7 27. Qxe7+ Kg8 28. Qe6+ Kg7 29. Rxb7+ Rc7 30. Qf6+ Kg8 31. Rb8+ 1-0